000 00349nam a22001457a 4500
999 _c1014
_d1014
003 OSt
005 20170921092234.0
008 160627b xxu||||| |||| 00| 0 eng d
020 _a9780713640250
040 _cTEST
100 _91240
_aNewson, L
245 _aScience Mysteries TIME
260 _aLONDON
_bA & C BLACK
_c1996
300 _aScience Mysteries TIME
942 _2ddc
_cBK